<?xml version="1.0" encoding="UTF-8"?>
<record
    xmlns:xsi="http://www.w3.org/2001/XMLSchema-instance"
    xsi:schemaLocation="http://www.loc.gov/MARC21/slim http://www.loc.gov/standards/marcxml/schema/MARC21slim.xsd"
    xmlns="http://www.loc.gov/MARC21/slim">

  <leader>05223    a2200241   4500</leader>
  <controlfield tag="001">31626</controlfield>
  <controlfield tag="005">20260407155620.0</controlfield>
  <controlfield tag="008">260407a2013    arg                 spa d</controlfield>
  <controlfield tag="003">AR-UNSa-BCEJYS</controlfield>
  <datafield tag="040" ind1=" " ind2=" ">
    <subfield code="a">AR-UNSa-BCEJYS</subfield>
    <subfield code="b">spa</subfield>
    <subfield code="c">AR-UNSa-BCEJYS</subfield>
  </datafield>
  <datafield tag="080" ind1=" " ind2=" ">
    <subfield code="a">342.9</subfield>
    <subfield code="x">Derecho Administrativo</subfield>
  </datafield>
  <datafield tag="245" ind1="1" ind2="0">
    <subfield code="a">El derecho administrativo hoy</subfield>
    <subfield code="p">16 a&#xF1;os despu&#xE9;s</subfield>
  </datafield>
  <datafield tag="020" ind1=" " ind2=" ">
    <subfield code="a">978-987-694-003-0</subfield>
  </datafield>
  <datafield tag="264" ind1=" " ind2="1">
    <subfield code="a">Buenos Aires :</subfield>
    <subfield code="b">Ediciones Rap</subfield>
    <subfield code="c">2013</subfield>
  </datafield>
  <datafield tag="300" ind1=" " ind2=" ">
    <subfield code="a">605 p.</subfield>
    <subfield code="c">24 cm.</subfield>
  </datafield>
  <datafield tag="505" ind1=" " ind2=" ">
    <subfield code="a">1. El control de la constitucionalidad en el arbitraje de derecho / Alberto B. Bianchi - 2. La independencia funcional del Banco Central / Ismael Mata - 3. La confianza leg&#xED;tima en la jurisprudencia federal / Pedro J. J. Coviello - 4. La presunci&#xF3;n de legitimidad del acto administrativo como prerrogativa y garant&#xED;a: concepto, fundamento, l&#xED;mites y consecuencias / Julio P. Comadira - 5. El derecho a la tutela administrativa efectiva / Pablo E. Perrino - 6. La nueva intervenci&#xF3;n estatal en el transporte / Armando N. Canosa - 7. Alcance de la competencia tributaria municipal. Su relaci&#xF3;n con la autonom&#xED;a / Blanca A. Herrera de Villavicencio - 8. Federalismo y servicios p&#xFA;blicos / Gabriela A. Storni - 9. Una revisi&#xF3;n de los l&#xED;mites de la actividad discrecional de la Administraci&#xF3;n p&#xFA;blica - Federico J. Lisa - 10. El r&#xE9;gimen sancionatorio administrativo en materia de lavado de activos de orden delictivo. Un an&#xE1;lisis de la Ley N&#xBA; 25.246 y su reglamentaci&#xF3;n / Fabi&#xE1;n O. Canda - 11. Las medidas cautelares en la v&#xED;a del recurso extraordinario / Claudia Caputi - 12. Procedimiento administrativo de Evaluaci&#xF3;n de Impacto Ambiental / Carlos Botassi - 13. Los procesos colectivos y urgentes en la Provincia de Buenos Aires. Nuevas perspectivas. (Amparo colectivo. Procesos urgentes) / Gustavo D. Spacarotel - 14. La dimensi&#xF3;n jur&#xED;dica del derecho a la salud. Avances y retrocesos / Alejandra Petrella - 15. Efectos de la omisi&#xF3;n de la licitaci&#xF3;n p&#xFA;blica: &#xBF;Nulidad o inexistencia del contrato administrativo? / Sandra E. Eizaguirre - 16. La influencia de la normatividad supranacional sobre los derechos  administrativos nacionales. Los centros de producci&#xF3;n normativa / Libardo Rodr&#xED;guez Rodr&#xED;guez - 17. Faltas y contravenciones municipales: criterios jurisprudenciales sobre su car&#xE1;cter administrativo o penal / Jos&#xE9; Sappa - 18. Hacia la creaci&#xF3;n de un Tribunal para la defensa de la transparencia / Jorge Albertsen - 19. Tarifas de los servicios p&#xFA;blicos hoy: el derecho, entre la pol&#xED;tica y la econom&#xED;a / Estela B. Sacrist&#xE1;n - 20. La habilitaci&#xF3;n de la instancia diecis&#xE9;is a&#xF1;os despu&#xE9;s / Fernando Garc&#xED;a Pull&#xE9;s - 21. La potestad tributaria de la Administraci&#xF3;n: la constitucionalidad del solve et repete y su renovada virtualidad. Comentario al fallo de la CSJN, "Compa&#xF1;&#xED;a de Circuitos Cerrados c/ AFIP-DGI, del 9-3-2010 / Mar&#xED;a Jos&#xE9; Rodr&#xED;guez - 22. El poder de la polic&#xED;a ocal y su ejercicio compatible con facultades nacionales. (An&#xE1;lisis jurisprudencial) / Guillermo F. Comadira - 23. El control legislativo y judicial de los reglamentos de necesidad y urgencia y delegados / Jorge H. Sarmiento Garc&#xED;a - 24. Legitimaci&#xF3;n y acci&#xF3;n declarativa de inconstitucionalidad / Pablo O. Gallegos Fedriani - 25. La realidad del control y la regulaci&#xF3;n de los servicios p&#xFA;blicos. Un replanteo de la figura de los entes reguladores / Jorge Muratorio - 26. Car&#xE1;cter retroactivo de la nulidad del acto administrativo / Alfredo S. Gusman - 27. La posici&#xF3;n de la Administraci&#xF3;n frente a la Ley inconstitucional / Mar&#xED;a Susana Villarruel - 28. Los servicios p&#xFA;blicos hoy: viejos y nuevos paradigmas en su prestaci&#xF3;n / Alejandro P&#xE9;rez Hualde - 29. Las restricciones al dominio privado derivadas de la planificaci&#xF3;n urbana y de la preservaci&#xF3;n del inter&#xE9;s arquitect&#xF3;nico, hist&#xF3;rico y cultural / Alejandro Uslenghi - 30. La responsabilidad internacional del Estado por omisi&#xF3;n en materia de derechos humanos / Juan M. Gonz&#xE1;lez Moras - 31. La protecci&#xF3;n de los bienes del Estado y los derechos individuales. El caso de las c&#xE1;maras de seguridad en los establecimientos p&#xFA;blicos / Leonardo Massimino - 32. Aplicaci&#xF3;n del r&#xE9;gimen nacional de defensa del consumidor en el &#xE1;mbito provincial / Mar&#xED;a Laura Alfonso - 33. La acci&#xF3;n de amparo / Mar&#xED;a In&#xE9;s Corr&#xE1; - 34. Derechos humanos y mecanismos de interdicci&#xF3;n de la morosidad administrativa: una nueva legitimidad / Isaac A. Damsky - 35. El valor de la jurisprudencia de la Corte Interamericana de Derechos Humanos y su aplicaci&#xF3;n en los &#xE1;mbitos nacional y local / Pablo A. Guti&#xE9;rrez Colantuono - 36. Reflexiones acerca de la transformaci&#xF3;n del derecho / Miriam M. Ivanega - 37. Intensidad del control judicial de los actos pol&#xED;ticos. El n&#xFA;cleo pol&#xED;tico-discrecional excluido / Domingo J. Sesin - 38. Cien a&#xF1;os antes / H&#xE9;ctor A. Mairal.</subfield>
  </datafield>
  <datafield tag="041" ind1=" " ind2=" ">
    <subfield code="a">spa</subfield>
  </datafield>
  <datafield tag="942" ind1=" " ind2=" ">
    <subfield code="c">BK</subfield>
  </datafield>
  <datafield tag="590" ind1=" " ind2=" ">
    <subfield code="a">niveau_biblio:m niveau_hierar:0</subfield>
  </datafield>
  <datafield tag="100" ind1="1" ind2=" ">
    <subfield code="a">Universidad Austral. Facultad de Derecho</subfield>
  </datafield>
  <datafield tag="700" ind1="1" ind2=" ">
    <subfield code="a">Jornadas sobre el Derecho Administrativo (2012 mayo 16-18 : Buenos Aires)</subfield>
  </datafield>
  <datafield tag="856" ind1="4" ind2="1">
    <subfield code="u">https://biblioeco.unsa.edu.ar/pmb/images/libros/El derecho administrativo hoy. 16 a?os despues2-l125118.jpg</subfield>
    <subfield code="y">Imagen de portada</subfield>
    <subfield code="q">image/jpeg</subfield>
  </datafield>
  <datafield tag="999" ind1=" " ind2=" ">
    <subfield code="c">2198</subfield>
    <subfield code="d">2198</subfield>
  </datafield>
  <datafield tag="952" ind1=" " ind2=" ">
    <subfield code="0">0</subfield>
    <subfield code="1">0</subfield>
    <subfield code="4">0</subfield>
    <subfield code="7">0</subfield>
    <subfield code="a">BCEJYS</subfield>
    <subfield code="b">BCEJYS</subfield>
    <subfield code="c">16</subfield>
    <subfield code="d">2026-04-07</subfield>
    <subfield code="l">0</subfield>
    <subfield code="o">342.9 J82</subfield>
    <subfield code="p">L125118</subfield>
    <subfield code="r">2026-04-07 15:56:20</subfield>
    <subfield code="w">2026-04-07</subfield>
    <subfield code="y">L</subfield>
  </datafield>
</record>
